各都道府県で累計東大合格者数が多い高校top3 - Statistics

General Stats
  • This quiz has been taken 187 times
  • The average score is 67 of 141
Answer Stats
都道府県 高校 設置 男女共 合格者数 % Correct
兵庫 6338
86%
東京 開成 8656
85%
北海道 札幌南 755
78%
埼玉 浦和 2804
78%
京都 洛南 1216
78%
奈良 東大寺学園 1403
78%
北海道 札幌北 452
76%
富山 富山 578
75%
熊本 熊本 1173
75%
千葉 千葉 2092
74%
三重 四日市 382
74%
奈良 西大和学園 685
74%
鹿児島 ラ・サール 3882
74%
青森 青森 276
73%
滋賀 膳所 197
73%
岐阜 岐阜 1059
72%
栃木 宇都宮 988
71%
群馬 前橋 768
71%
千葉 渋谷教育学園幕張 1006
71%
長野 長野 890
71%
静岡 静岡 758
71%
秋田 秋田 525
70%
新潟 新潟 708
70%
青森 八戸 233
69%
宮城 仙台第一 442
69%
岩手 盛岡第一 625
68%
宮城 仙台第二 516
68%
福島 福島 440
68%
大阪 北野 647
68%
群馬 高崎 758
67%
東京 筑波大附駒場 5542
67%
富山 富山中部 1090
67%
青森 弘前 191
65%
茨城 水戸第一 1037
65%
東京 麻布 5716
65%
愛知 東海 1438
65%
香川 高松 1190
65%
山口 山口 291
64%
神奈川 聖光学院 1974
63%
山形 山形東 613
62%
富山 高岡 1026
62%
静岡 浜松北 788
62%
福岡 久留米大学附設 1771
62%
鳥取 米子東 193
61%
和歌山 智辯学園和歌山 506
59%
鳥取 鳥取西 316
59%
三重 301
58%
佐賀 佐賀西 331
58%
長崎 長崎西 263
58%
茨城 土浦第一 1074
57%
大阪 大阪星光学院 717
57%
兵庫 甲陽学院 1522
56%
石川 金沢大附 1253
55%
石川 金沢泉丘 437
55%
愛知 旭丘 1967
55%
愛知 岡崎 1200
55%
大阪 天王寺 443
55%
島根 出雲 146
55%
岡山 岡山朝日 889
55%
愛媛 愛光 1835
55%
新潟 長岡 249
54%
島根 松江北 355
54%
香川 丸亀 436
54%
愛媛 松山東 289
54%
福岡 修猷館 1045
53%
宮崎 宮崎西 418
53%
埼玉 川越 497
51%
北海道 旭川東 244
50%
神奈川 湘南 2429
50%
奈良 奈良学園 145
49%
神奈川 栄光学園 3419
48%
長野 松本深志 878
48%
京都 洛星 1007
48%
広島 広島学院 1488
48%
長崎 青雲 710
48%
大分 大分上野丘 595
47%
京都 堀川 115
46%
鹿児島 鶴丸 1055
46%
長崎 長崎東 224
45%
福井 藤島 699
43%
群馬 太田 248
42%
新潟 高田 207
42%
山梨 甲府南 330
42%
長野 上田 428
42%
三重 高田 430
42%
兵庫 白陵 879
42%
山口 下関西 316
42%
熊本 済々黌 158
41%
滋賀 彦根東 114
40%
山口 宇部 211
40%
秋田 横手 118
39%
石川 小松 190
39%
高知 土佐 514
39%
福岡 小倉 554
39%
福島 安積 344
38%
福島 磐城 331
38%
栃木 栃木 285
38%
島根 松江南 167
38%
愛媛 今治西 249
37%
埼玉 熊谷 470
36%
沖縄 昭和薬科大附 100
36%
岐阜 大垣北 218
35%
千葉 東葛飾 531
34%
茨城 江戸川学園取手 340
33%
栃木 足利 151
33%
岡山 岡山白陵 401
33%
徳島 徳島市立 233
32%
広島 広島大附 1004
31%
徳島 徳島文理 151
31%
福井 武生 139
29%
和歌山 桐蔭 219
28%
静岡 沼津東 531
27%
山形 鶴岡南 109
26%
沖縄 沖縄尚学 25
26%
宮崎 宮崎大宮 256
25%
秋田 能代 45
24%
宮崎 宮崎南 98
24%
岩手 一関第一 55
23%
鳥取 倉吉東 149
23%
広島 修道 751
23%
宮城 宮城第一 45
22%
福井 高志 261
22%
山梨 甲府第一 321
22%
岡山 岡山操山 390
22%
高知 土佐塾 54
21%
鹿児島 甲南 177
21%
岩手 水沢 63
20%
山梨 駿台甲府 162
19%
大分 大分舞鶴 173
18%
徳島 城南 278
17%
山形 米沢興譲館 80
16%
沖縄 開邦 32
16%
熊本 玉名 35
14%
高知 高知学芸 255
13%
岐阜 可児 190
12%
佐賀 武雄 60
12%
佐賀 弘学館 347
11%
和歌山 近畿大附和歌山 47
8%
大分 岩田 105
8%
滋賀 虎姫 25
7%
香川 大手前丸亀 220
7%
No matching quizzes found
Score Distribution
Percent of People with Each Score
Percentile by Number Answered
Your Score History
You have not taken this quiz